000 00366nam a2200145Ia 4500
008 240624s9999 xx 000 0 und d
041 _aeng
082 _a658.4022 LEV
100 _aLEVI DANIEL
245 _aGROUP DYNAMICS FOR TEAMS
250 _a(3rd ed.)
260 _c2011
_aLondon
_bSage Publications
300 _axxiii, : 366 : p. : cm. ; 23
365 _c
_b30
999 _c19747
_d19747